| 000 | 00514nas a22001577a 4500 | ||
|---|---|---|---|
| 999 |
_c1210 _d1210 |
||
| 008 | 130305t20009999ag ||||| |||| 00| 0 spa d | ||
| 022 | _a0329-2169 | ||
| 245 | _aMedicamentos y salud | ||
| 260 |
_aLa Plata: _bGrupo Argentino para el uso Racional del Medicamento, _c2000 |
||
| 300 | _av. : | ||
| 546 | _aespaƱol | ||
| 590 | _aExistencias: 2000 3(1) BAJA DEPOSITO (CAJA 21) MAYO 2019 | ||
| 650 |
_aPREPARACIONES FARMACEUTICAS _91907 |
||
| 856 | _uhttp://www.femeba.org.ar/index.php?op=4&sop=296 | ||
| 942 |
_2ddc _cCR |
||